000
00327nam a2200145Ia 4500
008
220923s9999 xx 000 0 und d
082
_b
TRI
100
_a
TRIPATHI, T.P.
245
4
_a
THE CODE OF CIVIL PROCEDURE 1908
250
_a
6TH
260
_c
2013
300
_a
859
650
_a
Civil Procedure Code
942
_c
BK
999
_c
195840
_d
195840